Panorama de las neurosis de transferencia (Record no. 131412)

MARC details
000 -LEADER
fixed length control field 00777nam a22002177a 4500
005 - DATE AND TIME OF LATEST TRANSACTION
control field 20170328113658.0
008 - FIXED-LENGTH DATA ELEMENTS--GENERAL INFORMATION
fixed length control field 170328b mx ||||| |||| 00| 0 spa d
020 ## - INTERNATIONAL STANDARD BOOK NUMBER
International Standard Book Number 9786070307645
050 04 - LIBRARY OF CONGRESS CALL NUMBER
Classification number RC530
Item number F74 2016
100 10 - MAIN ENTRY--PERSONAL NAME
Personal name Freud, Sigmund,
Dates associated with a name 1856-1939,
Relator term autor
245 10 - TITLE STATEMENT
Title Panorama de las neurosis de transferencia
Statement of responsibility, etc / por Sigmund Freud ; traducción de andreas Ilg ; comentarios, Roberto Castro Rodríguez, Octavio Chamizo
260 ## - PUBLICATION, DISTRIBUTION, ETC. (IMPRINT)
Place of publication, distribution, etc México, D.F. :
Name of publisher, distributor, etc Siglo XXI Editores,
Date of publication, distribution, etc 2016
300 ## - PHYSICAL DESCRIPTION
Extent 133 p.;
Dimensions 21 cm.
440 #0 - SERIES STATEMENT/ADDED ENTRY--TITLE
Title Psicología y Psicoanálisis
650 #4 - SUBJECT ADDED ENTRY--TOPICAL TERM
Topical term or geographic name as entry element Neurosis
650 #4 - SUBJECT ADDED ENTRY--TOPICAL TERM
Topical term or geographic name as entry element Transferencia (Psicología)
650 #4 - SUBJECT ADDED ENTRY--TOPICAL TERM
Topical term or geographic name as entry element Psicoanálisis
700 1# - ADDED ENTRY--PERSONAL NAME
Personal name IlG, Andreas,
Relator term tr.
700 1# - ADDED ENTRY--PERSONAL NAME
Personal name Castro Rodríguez, Roberto,
Relator term prolog.
942 ## - ADDED ENTRY ELEMENTS (KOHA)
Source of classification or shelving scheme Biblioteca del Cogreso de los Estados Unidos
Koha item type Libro
Holdings
Estado de pérdida Fuente de clasificación Estado del daño No para préstamo Ubicación permanente Ubicación actual Apartado o colección Fecha de adquisición Fuente de adquisición Edición Enumeración de Serie / Cronológica Dependencia de educación superior (DES) Área del conocimiento Clasificación Código de Barras Date last seen Número de copia Tipo de recurso
  Biblioteca del Cogreso de los Estados Unidos     Biblioteca de la Facultad de Psicología Biblioteca de la Facultad de Psicología General 28/03/2017 Donación 1ª.. ed. BFP000011984 Ciencias de la Salud Ciencias de la Salud RC530 F74 2016 BFP000011984 28/03/2017 1 Libro